00427nam a22001452 4500001001100000005001700011008004100028020000800069040001500077100002800092245006600120260004300186300001500229650003700244000000875220151217155835.0080527s xx 000 0 eng d cKES aKABUcKABU1 aHill, M. F.@000015109210aMagadi :bthe story of the Magadi Soda Company /cM. F. Hill. aBirmingham :bThe Kynoch Press,c1964. ax, 199 p. 0aMagadi Soda Company.@0000159455